| 000 | 00613nam a2200133Ia 4500 | ||
|---|---|---|---|
| 008 | 100328s9999 xx 000 0 und d | ||
| 082 | _b23853 | ||
| 100 | _aदाते शंकर गणेश - संपा./ काळे दि.वि./बर्वे शं.ना. | ||
| 245 | _aमराठी नियतकालिकांची सूची खंड 1 | ||
| 260 | _bभट वा.वि. | ||
| 630 | _aमराठी नियतकालिकांची सूची खंड 1 | ||
| 730 | _aमराठी नियतकालिकांची सूची खंड 1 | ||
| 942 | _cBOOK | ||
| 999 |
_c517415 _d517412 |
||